000 00692nam a2200217 a 4500
005 20200104041536.0
008 140307b2003 ck ||||| |||| 00| 0 spa d
040 _aCO-BoIAVH
_cCO-BoIAVH
041 _aspa
044 _ack
100 _aCarrizosa Umaña, Julio
_93604
245 _aColombia de lo imaginario a lo complejo
_breflexiones y notas acerca de ambiente, desarrollo y paz
260 _aBogotá
_bUniversidad Nacional de Colombia
_bIDEA
_c2003
300 _a203 p.
650 _aDesarrollo sostenible
_9278
650 _aDesarrollo económico
_952372
650 _aCultura colombiana
_917622
650 _aProblemática ambiental
_94035
662 _aColombia
942 _cLIBRO
_2lcc
999 _c2850
_d2850